[Event "Cappelle op 32nd"]
[Site "Cappelle la Grande"]
[Date "2016.02.15"]
[Round "3"]
[White "Jarmula, Lukasz"]
[Black "Smati, Reda"]
[Result "1-0"]
[WhiteElo "2374"]
[BlackElo "2092"]
[PlyCount "47"]
[EventDate "2016.02.13"]
[EventType "swiss"]
[EventRounds "9"]
[EventCountry "FRA"]
[SourceTitle "EXT 2017"]
[Source "ChessBase"]
[SourceDate "2016.10.25"]
[SourceVersion "1"]
[SourceVersionDate "2016.10.25"]
[SourceQuality "1"]

1. e4 c5 2. Nf3 Nc6 3. Bb5 g6 4. Bxc6 bxc6 5. 0-0 Bg7 6. Re1 Nf6 7. e5 Nd5 8. c4 Nc7 9. d4 cxd4 10. Qxd4 d5 11. Qh4 h6 12. c5 Ne6 13. Be3 Rb8 14. Nbd2 Qc7 15. Nb3 Bd7 16. Bd2 Rb5 17. Nfd4 Rb8 18. Nxe6 Bxe6 19. Nd4 Qd7 20. b4 g5 21. Qg3 h5 22. Bxg5 Rxb4 23. Bd2 Rxd4 24. Qxg7 1-0

[Event "Syre Memorial op 36th"]
[Site "Issy les Moulineaux"]
[Date "2013.05.10"]
[Round "4"]
[White "Smati, Reda"]
[Black "Bencheikh, Ilf"]
[Result "1/2-1/2"]
[WhiteElo "2032"]
[BlackElo "2134"]
[PlyCount "61"]
[EventDate "2013.05.08"]
[EventType "swiss"]
[EventRounds "7"]
[EventCountry "FRA"]
[SourceTitle "EXT 2015"]
[Source "ChessBase"]
[SourceDate "2014.11.20"]
[SourceVersion "1"]
[SourceVersionDate "2014.11.20"]
[SourceQuality "1"]

1. e4 e6 2. d4 d5 3. Nc3 Nc6 4. Nf3 Nf6 5. e5 Ne4 6. Bd3 Bb4 7. Bd2 Nxd2 8. Qxd2 Bd7 9. a3 Be7 10. h4 f6 11. h5 fxe5 12. dxe5 Bc5 13. Na4 Qe7 14. Nxc5 Qxc5 15. b4 Qe7 16. b5 Nd8 17. Qg5 Qxg5 18. Nxg5 Nf7 19. Nxf7 Kxf7 20. Kd2 c5 21. c4 dxc4 22. Bxc4 Rad8 23. Ke3 Bc8 24. Rhd1 Ke7 25. a4 b6 26. a5 Bb7 27. axb6 axb6 28. g4 h6 29. f4 Rhf8 30. Rd3 Rxd3+ 31. Bxd3 1/2-1/2

[Event "Paris-ch op-B 87th"]
[Site "Paris"]
[Date "2012.07.10"]
[Round "4"]
[White "Smati, Reda"]
[Black "Stark, Gabriel"]
[Result "1-0"]
[WhiteElo "2049"]
[BlackElo "1837"]
[PlyCount "65"]
[EventDate "2012.07.07"]
[EventType "swiss"]
[EventRounds "9"]
[EventCountry "FRA"]
[SourceTitle "EXT 2013"]
[Source "ChessBase"]
[SourceDate "2012.11.22"]
[SourceVersion "1"]
[SourceVersionDate "2012.11.22"]
[SourceQuality "1"]

1. e4 e6 2. d4 d5 3. Nc3 Nf6 4. e5 Nfd7 5. Nce2 c5 6. c3 Nc6 7. Nf3 Qb6 8. a3 Be7 9. Nf4 cxd4 10. cxd4 g5 11. Ne2 g4 12. Nfg1 f6 13. Nf4 Nxd4 14. Be3 fxe5 15. Nge2 Bc5 16. Bxd4 Bxd4 17. Nxd4 exf4 18. h3 Qxb2 19. Be2 Nc5 20. hxg4 Bd7 21. a4 0-0-0 22. Rh3 Qb4+ 23. Kf1 Bxa4 24. Nc2 Qe4 25. Rc3 b6 26. f3 Qe5 27. Qe1 Kb8 28. Rxc5 bxc5 29. Rxa4 Rd7 30. Qa5 Qc7 31. Qc3 Rf8 32. Ra5 c4 33. Qb4+ 1-0

[Event "Paris-ch op-B 87th"]
[Site "Paris"]
[Date "2012.07.09"]
[Round "3"]
[White "Mano, Francois"]
[Black "Smati, Reda"]
[Result "0-1"]
[WhiteElo "1894"]
[BlackElo "2049"]
[PlyCount "82"]
[EventDate "2012.07.07"]
[EventType "swiss"]
[EventRounds "9"]
[EventCountry "FRA"]
[SourceTitle "EXT 2013"]
[Source "ChessBase"]
[SourceDate "2012.11.22"]
[SourceVersion "1"]
[SourceVersionDate "2012.11.22"]
[SourceQuality "1"]

1. e4 c5 2. Nf3 Nc6 3. d4 cxd4 4. Nxd4 g6 5. Nc3 Bg7 6. Be3 Nf6 7. Be2 0-0 8. 0-0 d5 9. Nxc6 bxc6 10. exd5 Nxd5 11. Nxd5 cxd5 12. c3 e5 13. Bb5 d4 14. cxd4 exd4 15. Bf4 Bb7 16. Bd3 Qf6 17. Bg3 Bd5 18. b4 Rfc8 19. a4 Rc3 20. Re1 Qc6 21. Bb5 Qb7 22. f3 a6 23. Bd3 Qxb4 24. Be4 Bxe4 25. Rxe4 Qc4 26. Bf2 Rd8 27. h3 Rc2 28. a5 h5 29. Rb1 Qa2 30. Ra1 Qb2 31. Rb1 Qc3 32. Be1 Qc4 33. Rb4 Qc5 34. Qd3 Rc1 35. Rb7 Qxa5 36. Kf2 Qa2+ 37. Re2 Qc4 38. Qa3 Rc2 39. Rbe7 d3 40. Rd2 Bd4+ 41. Kf1 Bc5 0-1